|
|
|
|
| LEADER |
00722nam a22002172a 4500 |
| 001 |
001185047 |
| 003 |
CZ BrMZK |
| 005 |
20111208112203.0 |
| 007 |
ta |
| 008 |
111208s1976 gw er|||||||||||ger d |
| 040 |
|
|
|a BOA001
|b cze
|
| 100 |
1 |
|
|a Filipec, Jindřich,
|d 1926-2013
|7 jk01031172
|4 aut
|
| 245 |
1 |
4 |
|a Die Lebensweise im gegenwärtigen ideologischen Kampf /
|c Jindřich Filipec
|
| 260 |
|
|
|a Berlin :
|b Akademie-Verlag,
|c 1976
|
| 300 |
|
|
|a 146 s.
|
| 490 |
1 |
|
|a Zur Kritik der bürgerlichen Ideologie ;
|v 72
|
| 830 |
|
0 |
|a Zur Kritik der bürgerlichen Ideologie
|
| 910 |
|
|
|a BOA001
|b 2-0769.300
|
| 990 |
|
|
|a BK
|
| 991 |
|
|
|b 201112
|
| 996 |
7 |
|
|b 2619516288
|c 2-0769.300
|l MZK
|r Sklad / do 1 hodiny
|n 0
|w 001218540
|u 000010
|a 1
|e BOA001
|j MZK50
|s A
|